IPv6 : Kompletní průvodce nasazením v podnikových sítích

Enregistré dans:
Détails bibliographiques
Auteurs principaux: McFarland, Shannon (Auteur), Sambi, Muninder (Auteur), Sharma, Nikhil (Auteur), Hooda, Sanjay (Auteur)
Format: Livre
Langue:tchèque
Publié: Brno : Computer Press, 2011
Édition:1. vyd.
Tags: Ajouter un tag
Pas de tags, Soyez le premier à ajouter un tag!

MARC

LEADER 00000nam a22000003a 4500
001 stu253610
005 20150617225627.8
008 120820s--------xr------------------cze-d
020 |a 978-80-251-3684-3 
040 |a STU  |b slo 
041 0 |a cze 
044 |a xr 
080 |a 681  |7 stu_us_auth*stu5965 
100 1 |a McFarland, Shannon  |4 aut 
245 1 |a IPv6 :  |b Kompletní průvodce nasazením v podnikových sítích 
250 |a 1. vyd. 
260 |a Brno :  |b Computer Press,  |c 2011 
300 |a 368 s 
700 1 |a Sambi, Muninder  |4 aut 
700 1 |a Sharma, Nikhil  |4 aut 
700 1 |a Hooda, Sanjay  |4 aut 
996 |b 284EK89051  |c E*89051  |l EE37  |s P  |a 0  |w stu253610_0001